000 00457nam a2200157 a 4500
001 000031394
005 20200930062911.0
008 110620s1938 dr 000 0 spa d
040 _aDO-SdBNP
_bspa
_cBNPHU
082 _axxxx
_bR923m
100 1 _aRuffin Ortíz, P. E.
_957352
245 1 0 _aMuerte del payaso y la calumnia :
_b(novela) /
_cP. E. Ruffin Ortïz.
260 _aSanto Domingo :
_bFémina,
_c1938.
300 _a[97 p.] ;
_c24 cm.
049 _aBNPHU
999 _c30886
_d30886